MDQL
is popping MORE tags! Check the
thread
!
Quizzes
Events
Quiz Creation
Community
Videos
Private Events
Remove Ads
Sign In
Join for FREE
Feedback
Dark Mode
Quiz Categories
Sports
Geography
Music
Movies
Television
Just For Fun
Miscellaneous
History
Literature
Language
Science
Gaming
Entertainment
Religion
Holiday
For Kids
Quiz Lab
Recent
Popular Today
Quiz Kudos Today
Editor Picks
Curator Picks
Quizzes by...
Day
Popularity
Type
Ratings
Length
Year
Community
Subscriptions
Recent Discussions
Orange Saloon
Badges
Playlists
Quests
Create
Leaderboards
Showdown
Live 5
Trivia Bingo
Activity
Puzzle Library
Sporcle Events
Private Events
Virtual Trivia
Globe League
Become a Host
Pub Owners
SporcleCon
Opinionation
Our Games
Videos
Blog
Mobile Apps
Partnerships
Remove Ads and Go Orange
Feedback
Religion
Mythology
Religious Music
World Religions
Bible
Christianity
Catholicism
Judaism
Church
Scripture
Islam
Verse
Religion
Mythology
Religious Music
World Religions
Bible
Christianity
Catholicism
Judaism
Church
Scripture
Islam
Verse
Random Quiz
Search Sporcle
×
Quiz Lab
Quiz Lab
Religion
Specialty
Type in answers that appear in a list
Type in answers that appear in a list
Classic
Best Score? Go Orange.
Gods and their Specialties Stats
Can you name the Gods and their Specialties?
By
Dracobrss
6m
15 Questions
49 Plays
49 Plays
49 Plays
Comments
Comments
Give Quiz Kudos
Give Quiz Kudos
-
- Ratings
hide this ad
Replay
Link that replays current quiz
Next Quiz
Link to next quiz in quiz playlist
You Got
0%
They Got
Avg Score
62%
Avg Friend Score
Upgrade to see
Score Distribution
Jump to the score distribution portion of the page
Score
0/15
Timer
06:00
0
Plays Today
Gods as Examples
God of...
% Correct
Thor, Zeus, Ishkur
Lightning
98%
Mithra, Huitzilipotchtli, Amateratsu
Sun
91.8%
Eros, Ishtar, Nu Wa
Love
89.8%
Hel, Beli, Cum Hau
Death
87.8%
Artemis, Skadi, Cernnunnos
Hunting
79.6%
Njord, Proteus, Sedna
The Sea
67.3%
Morrigan, Sekhmet, Gerovit
War
67.3%
Saraswati, Minerva, Quetzalcoatl
Learning
65.3%
Gods as Examples
God of...
% Correct
Jacawitz, Mahuika, Pele
Fire
61.2%
Apollo, Oya, Benzaiten
Music
55.1%
Czernobog, Set, Nergal
Evil
44.9%
Kokopelli, Tezcatlipoca, Anansi
Trickster
38.8%
Durga, Yum Caax, Kwoth
Nature
34.7%
Marduk, Gaia, Brahma
Creation
32.7%
Uke Mochi, Annapurna, Aether
Food and Drink
28.6%
Quiz Playlist
Details
Report
Send in Message
Add To Playlist
Classic:
Type in answers that appear in a list
Last Updated: Feb 16, 2017
Quiz Scoreboard
CHALLENGE
Sign Up to Join the Scoreboard
Show All
Scores
Hide
Comments
May contain spoilers
Recently Published
Holiday 10x10 Sorting Gallery
by lukepisani3
Holiday
15m
Two Season TV Shows II
by 123Four
Television
10m
Image Sorting: Flags VI
by Barbecue
Geography
2m
More to Explore
Quiz From the Vault
Featured Blog Post
14 Easter Pick-up Lines to Find Eggs With
hide this ad
You Might Also Like...
Tags
Example
god
Specialty
Today's Top Quizzes in Religion
Browse Religion
hide this ad
Top Contributed Quizzes in Religion
1
Christmas Pick: Judaism
2
Mini Trivia Sudoku: Mythology
3
99 names of Allah
4
Religions Spelling Bee
5
Artistic Maundy Thursday
6
Christmas Pick: World Religions
7
Christmas Pick: Islam
8
5-to-1: Children of Gods
9
5-to-1: European Churches
10
Longevity in the Bible
Explore More
Trending Topics
Kpop
Anime
Disney
NBA
Marvel
Harry Potter
Crossword
Puzzle
Country
Song
The Office
WWE
NFL
Pokémon
Soccer
hide this ad
More By:
Dracobrss
Quiz
Plays
Rating
Category
Featured
Created
Demons and Sins
200
5.00
Religion
Dec 9, 2010
Name that War....
139
1.00
History
Dec 15, 2010
Gods and their Specialties
49
3.00
Religion
Dec 10, 2010
Go to Creator's Profile
Score Distribution
Quiz Creator Spotlight
Dracobrss
Follow
Send a Message
Quizzes Created
-
Created Quiz Play Count
-
More By This Creator
Popular Quizzes Today
1
Find the US States - No Outlines Minefield
2
Colored Red Africa Blitz
3
Find the 'City' Movie
4
The Countries of the World
5
5x2 Blitz: Bands
6
Find the Countries of Europe - No Outlines Minefield
7
Find the US States
8
US States
More Religion Quizzes
Women in the Bible
Published
Trending Quizzes
Colored Red Europe Blitz I
Colored Red Africa Blitz II
Colored Red Europe Blitz II
Even More Two Season TV Shows
Colored Red Africa Blitz III
Recently Updated
Quick Pick: 20 Twenties
pecheneg
March Madness Men's Triple Doubles
pecheneg
How Do You Spell That?
pecheneg
Godzilla Movies
pecheneg
Grab Bag: 4-10 Letters
pecheneg
2024 March Madness Bracket
pecheneg
Famous TV Couples
Peacemaker
Champions League XIs: Real Madrid
pecheneg
Largest US Cities 1790-2010
pecheneg
Rides in Walt Disney World
pecheneg
Trending Topics
Disney
Anime
NBA
Kpop
Marvel
Crossword
Harry Potter
WWE
NFL
Country
Song
Pokémon
The Office
Soccer
Puzzle
Your Account Isn't Verified!
In order to create a playlist on Sporcle, you need to verify the email address you used during registration. Go to your
Sporcle Settings
to finish the process.
Report this User
Report this user for behavior that violates our
Community Guidelines
.
Details:
Send Report
Go to the Sporcle.com Mobile Site →
Comments